Formal strategy in public hospitals.

Možnosti využívania formálneho strategického plánovania v odbore zdravotníctva na optimálne riadenie zdravotníckych organizácií. Použitie údajov z 98 nemocníc v Kanade a analyzovanie výsledkov krátkodobého riadenia nemocníc. Determinovanie faktorov vedúcich k lepšiemu plánovaniu.

Saved in:
Bibliographic Details
Main Author: Denis, J.L
Other Authors: Langley, A., Lozeau, D.
Format: Book Chapter
Language:English
Subjects:
Tags: Add Tag
No Tags, Be the first to tag this record!

MARC

LEADER 00000naa a2200000 4500
001 r005116
005 20221213085147.0
041 0 |a eng 
044 |a GB 
245 1 0 |a Formal strategy in public hospitals.  |c J.L. Denis, A. Langley, D. Lozeau 
520 |a Možnosti využívania formálneho strategického plánovania v odbore zdravotníctva na optimálne riadenie zdravotníckych organizácií. Použitie údajov z 98 nemocníc v Kanade a analyzovanie výsledkov krátkodobého riadenia nemocníc. Determinovanie faktorov vedúcich k lepšiemu plánovaniu. 
610 2 0 |a plánovanie strategické 
610 2 0 |a zdravotníctvo 
610 2 0 |a nemocnice 
610 2 0 |a riadenie 
610 2 0 |a Kanada 
610 2 0 |a údaje štatistické 
100 1 |a Denis, J.L. 
700 1 |a Langley, A. 
700 1 |a Lozeau, D.